KOHA-Header-6

Islam (Record no. 13542)

000 -LEADER
fixed length control field 00281nam a22001217a 4500
082 ## - DEWEY DECIMAL CLASSIFICATION NUMBER
Classification number 297
Item number ADE
100 ## - MAIN ENTRY--AUTHOR NAME
Personal name Adeel Zeerak
245 ## - TITLE STATEMENT
Title Islam
Remainder of title a superior system of life
260 ## - PUBLICATION, DISTRIBUTION, ETC. (IMPRINT)
Place of publication Charleston
Name of publisher Createspace
300 ## - PHYSICAL DESCRIPTION
Number of Pages 295 pages
650 ## - SUBJECT ADDED ENTRY--TOPICAL TERM
Topical Term Islam, system of life
942 ## - ADDED ENTRY ELEMENTS (KOHA)
Koha item type Books
Holdings
Withdrawn status Lost status Collection code Permanent Location Current Location Shelving location Date acquired Full call number Accession Number Koha item type
    Islamic Studies MAJU MAJU Shelf No.A-9 2022-12-13 297 ADE 10639 Books

Powered by Koha